000 01072nam a2200289 a 4500
003 DO-SdBNP
005 20250211105815.0
007 ta
008 221128e20042005dr |||er|||| 000 edspa d
020 _a9993425540
040 _aDO-SdBNP
_bspa
_cBNPHU
082 4 _222
_bG411f 2005
100 1 _92161
_aBissainthe, Jean Ghasmann
245 1 3 _aEl futuro de la nación dominicana:
_b"quisqueyanos entre dos banderas". /
_cJean Ghasmann Bissainthe; Prólogo, Marino Mejía
250 _a2da. ed.
260 _aSanto Domingo :
_bInstituto Tecnológico de Santo Domingo,
_c2005
300 _a375 p. ;
_c23 cm.
500 _aIncluye datos biográficos del autor en la solapa de la cubierta.
504 _aBibliografía: p. 259 - 375
590 _aInventariado 2022 / MF
650 4 _921238
_aIdentidad Cultural
_zRepública Dominicana
650 0 _aAgricultura -
_xAspectos económicos
_930596
651 4 _954277
_aRepública Dominicana
_xMigración e Inmigración
651 4 _946206
_aRepública Dominicana
_xIdentidad Nacional
910 _aMfeliz
942 _2ddc
_cLBS1
999 _c53007
_d53007